000 00328nam a2200157Ia 4500
100 _aClegg/Brian
942 _cBK
366 _f20
654 _atime management
245 _aJust in time-Time Management
260 _bKogan Page
_c1999
082 _a658.4093/CLE
_bCLE
300 _a119
546 _aENGLISH
999 _c22785
_d22785